Score 0/21 Timer 02:00
0 Plays Today
% Correct
Mississippi
97.4%
Missouri
96.1%
Colorado
94.6%
Amazon
88.8%
Saskatchewan
87.6%
Thames
87.3%
Volga
84.4%
Ganges
80.9%
Brahmaputra
78.4%
Krishna
77.7%
Mackenzie
73.8%
% Correct
Araguaia
70.2%
Murray
68.3%
Ob
68.1%
Mersey
67.5%
Clyde
66.1%
Darling
63.9%
Lena
61.8%
Tocantins
56.8%
Murrumbidgee
56%
Slave
33.6%
Remove Ads.
Support Sporcle.
Get the best of Sporcle when you Go Orange. This ad-free experience offers more features, more stats, and more fun while also helping to support Sporcle. Thank you for becoming a member.

You're not logged in!

Compare scores with friends on all Sporcle quizzes.
OR
Log In

Sporcle TV

Today on Sporcle TV


Watch our educational content, quiz creation guides, and fun videos on Sporcle TV.

Show Comments

Extras

Created Oct 9, 2019ReportNominate
Tags:Country Quiz, River, US Rivers

Top Quizzes Today


Score Distribution

Paid Content

Your Account Isn't Verified!

In order to create a playlist on Sporcle, you need to verify the email address you used during registration. Go to your Sporcle Settings to finish the process.

Report this User

Report this user for behavior that violates our Community Guidelines.

Details: